00995nam a22002417a 4500999001700000003000900017008004100026040007100067082002100138100001900159245003300178260003700211300004400248440004500292505017700337650002700514650001800541650002400559700003900583942001600622945002000638952009500658 c17859d17859AR-CdUCM190509b ||||| |||| 00| 0 spa d aMUNICIPALIDAD PROVINCIAL DEL CUSCOcBIBLIOTECA MUNICIPAL DEL CUSCO 28ed.a578 /bK85 aKruif, Paul de aLos cazadores de microbios / aBuenos Aires :bClaridad,c1950. a365 páginas ;bIlustraciones,c21 cm. aBiblioteca de obras famosas ;n31938054 aContenido: Antonio Van Leewenhoeh, el primer cazador de microbios -- Lazzaro Spallanzani, los microbios nacen de microbios -- Luis Pasteur, los microbios son un peligro ... aBacteriología934604 aHistoria9136 aCientíficos93270 aWarren, Gregory (traductor)938055 2ddccLIBROS aacvd2019-05-09 002ddc4070aSCbSCcCARTd2019-05-09g25.00o578 / K85pSC0000001535r2019-05-09yLIBROS